00461nam a2200157 a 4500008004100000020001500041050002200056110001500078245004000093260003900133300001700172350000900189490002900198650004000227650003600267070803s1994 ||||||||||||||||| || u a0821327763 aIBRD(06)CS/1994/8 aWorld Bank10aMoldova: moving to a market economy aWashington, D.C.bWorld Bankc1994 axxiii, 104p. a0.00 aWorld Bank Country Study aMOLDOVA--ECONOMIC CONDITIONS--1991- aMOLDOVA--ECONOMIC POLICY--1991-